Catálogo
 En Linea

Bosquejo histórico de la ciudad de la Santo Domingo de los resto de Colón, i del faro a Colón / (Registro nro. 27344)

Detalles MARC
000 -CABECERA
campo de control de longitud fija 00675nam a2200181 a 4500
001 - NÚMERO DE CONTROL
campo de control 000027852
005 - FECHA Y HORA DE LA ÚLTIMA TRANSACCIÓN
campo de control 20200930031140.0
008 - DATOS DE LONGITUD FIJA--INFORMACIÓN GENERAL
campo de control de longitud fija 110405s1925 dr r 000 0 spa d
040 ## - FUENTE DE LA CATALOGACIÓN
Centro catalogador/agencia de origen DO-SdBNP
Lengua de catalogación spa
Centro/agencia transcriptor BNPHU
082 ## - NÚMERO DE LA CLASIFICACIÓN DECIMAL DEWEY
Número de clasificación xxxx
Número de documento/Ítem L791b, 1925
100 1# - ENTRADA PRINCIPAL--NOMBRE DE PERSONA
Nombre de persona Llaverías, Federico
9 (RLIN) 10157
245 10 - MENCIÓN DE TÍTULO
Título Bosquejo histórico de la ciudad de la Santo Domingo de los resto de Colón, i del faro a Colón /
Mención de responsabilidad, etc. Federico Llaverías.
250 ## - MENCIÓN DE EDICIÓN
Mención de edición 3a ed.
260 ## - PUBLICACIÓN, DISTRIBUCIÓN, ETC.
Lugar de publicación, distribución, etc. Santo Domingo :
Nombre del editor, distribuidor, etc. Imprenta de J. R. vda. García,
Fecha de publicación, distribución, etc. 1925.
300 ## - DESCRIPCIÓN FÍSICA
Extensión 89 p. :
Otras características físicas il. ;
Dimensiones 18 cm.
500 ## - NOTA GENERAL
Nota general Incluye notas al pie de las páginas
500 ## - NOTA GENERAL
Nota general Incluye apéndice Carta de Don Emiliano Tejera : p. [77]-89.
Existencias
Estado de retiro Estado de pérdida Restricciones de uso No para préstamo Código de colección Localización permanente Ubicación/localización actual Ubicación en estantería Fecha de adquisición Número de inventario Total de préstamos Signatura topográfica completa Código de barras Fecha visto por última vez Número de copia Precio válido a partir de Tipo de ítem Koha Nota pública
  Extraviado     Dominicana de Servicio General General Extraviado 26.07.2011 LF1   xxxx L791b, 1925 27852-30 25.06.2020 e.3 25.06.2020 Libro y Folleto Colección Dominicana de Servicio  
        Raros y valiosos Patrimonio Dominicano Patrimonio Dominicano Depósito 05.04.2011 LF1   xxxx L791b, 1925 27852-10 25.06.2020   25.06.2020 Préstamo en sala Perteneció a la biblioteca personal de Julio Ortega Frier.
      Excluido de préstamo Raros y valiosos Patrimonio Dominicano Patrimonio Dominicano Depósito 26.07.2011 LF1   xxxx L791b, 1925 27852-20 25.06.2020 e.2 25.06.2020 No se presta  

Con tecnología Koha